Normal view MARC view

Entry Nombre personal

Number of records used in: 2

001 - NÚMERO DE CONTROL

  • campo de control: 109563

003 - IDENTIFICADOR DE NÚMERO DE CONTROL

  • campo de control: SpMaBN

005 - FECHA Y HORA DE LA ÚLTIMA TRANSACCIÓN

  • campo de control: 20250808223514.0

008 - ELEMENTOS DE DATO DE LONGITUD-FIJA

  • campo de control de longitud fija: 050426n| aijnnaabn a aaa

016 ## - NÚMERO DE CONTROL DE UNA AGENCIA BIBLIOGRÁFICA NACIONAL

  • Número de control del registro: BNE20050765761

024 7# - IDENTIFICADOR DE OTROS ESTÁNDARES

  • Número estándar o código: http://www.wikidata.org/entity/Q106675017
  • Fuente: wikidata

024 7# - IDENTIFICADOR DE OTROS ESTÁNDARES

  • Número estándar o código: http://viaf.org/viaf/87350159/
  • Fuente: viaf

024 7# - IDENTIFICADOR DE OTROS ESTÁNDARES

  • Número estándar o código: https://isni.org/isni/0000000115769822
  • Fuente: isni

040 ## - FUENTE DE CATALOGACIÓN

  • Centro catalogador/agencia de origen: SpMaBN
  • Lengua de catalogación: spa
  • Centro/agencia transcriptor: SpMaBN
  • Normas de descripción: rdc
  • Convención/Normas de encabezamiento de materia/tesauro: embne

046 ## - FECHAS CON CODIFICACIÓN ESPECIAL

  • Fecha de nacimiento: 1811
  • Fecha de la muerte: 1870~
  • Fuente del esquema de fecha: edtf

100 1# - ENCABEZAMIENTO-NOMBRE DE PERSONA

  • Nombre de persona: Tejada y Ramiro, Juan,
  • Fechas asociadas al nombre: 1811-ca. 1870

370 ## - LUGAR ASOCIADO

  • Lugar de nacimiento: España, Castilla-La Mancha, Guadalajara (Provincia), Pastrana

370 ## - LUGAR ASOCIADO

  • Lugar de fallecimiento: España, Madrid (Comunidad Autónoma), Madrid

375 ## - GÉNERO/SEXO

  • Género: Masculino

377 ## - IDIOMA ASOCIADO

  • Término de lengua/lenguaje: Español

400 1# - TRAZADO DE VÉASE--NOMBRE DE PERSONA

  • Nombre de persona: Tejada, Juan,
  • Fechas asociadas al nombre: 1811-ca. 1870

400 1# - TRAZADO DE VÉASE--NOMBRE DE PERSONA

  • Nombre de persona: Tejada Ramiro, Juan,
  • Fechas asociadas al nombre: 1811-ca. 1870

670 ## - FUENTE DE DATOS ENCONTRADOS

  • Cita de la fuente: Colección de cánones de la Iglesia española, 1849-1859
  • Información encontrada: (Juan Tejada y Ramiro; il. y notas)

670 ## - FUENTE DE DATOS ENCONTRADOS

  • Cita de la fuente: Cartas de Juan Tejada a Luis María Ramírez de las Casas Deza, sobre la Colección de Canónes de la Iglesia española que había publicado, 1856-1858 (BNE, MSS/12973/60)
  • Información encontrada: (Juan Tejada)

670 ## - FUENTE DE DATOS ENCONTRADOS

  • Cita de la fuente: WWW ABEPI, 3-1-2022
  • Información encontrada: (Tejada Ramiro, Juan. Nacido en Pastrana el 11 de octubre de 1811, miembro de la Real Academia de la Historia, de las Buenas Letras de Sevilla y Barcelona y Comendador de la Orden de Carlos III. Escribió Concilio españoles)

670 ## - FUENTE DE DATOS ENCONTRADOS

  • Cita de la fuente: WWW Blog Gentes de Guadalajara, 3-1-2022
  • Información encontrada: (Juan Tejada Ramiro. Jurista, nacido en Pastrana el 11 de octubre de 1811, fallecido en Madrid hacia 1870)